|
|
|
|
| LEADER |
00000nam0a2200000 4500 |
| 001 |
348082 |
| 005 |
20231102010053.0 |
| 010 |
|
|
|a 9785720517205
|
| 035 |
|
|
|a (RuTPU)RU\TPU\book\380042
|
| 090 |
|
|
|a 348082
|
| 100 |
|
|
|a 20221018d2021 k y0rusy50 ca
|
| 101 |
0 |
|
|a rus
|
| 102 |
|
|
|a RU
|
| 105 |
|
|
|a y z 000zy
|
| 200 |
1 |
|
|a Уравнения математической физики. Альтернатива и новые решения
|f Д. А. Шварцман
|
| 210 |
|
|
|a Москва
|c Юстицинформ
|d 2021
|
| 215 |
|
|
|a 237 с.
|
| 606 |
1 |
|
|a Уравнения математической физики
|2 stltpush
|3 (RuTPU)RU\TPU\subj\63157
|9 80200
|
| 610 |
1 |
|
|a математическая физика
|
| 610 |
1 |
|
|a уравнения
|
| 610 |
1 |
|
|a решения
|
| 610 |
1 |
|
|a линейные уравнения
|
| 610 |
1 |
|
|a линейные дифференциальные уравнения
|
| 610 |
1 |
|
|a методологические аспекты
|
| 610 |
1 |
|
|a теплопроводность
|
| 610 |
1 |
|
|a нелинейные уравнения
|
| 610 |
1 |
|
|a краевые задачи
|
| 610 |
1 |
|
|a уравнения Лапласа
|
| 675 |
|
|
|a 53:51
|v 4
|
| 700 |
|
1 |
|a Шварцман
|b Д. А.
|
| 801 |
|
1 |
|a RU
|b 63413507
|c 20221018
|
| 801 |
|
2 |
|a RU
|b 63413507
|c 20221024
|g RCR
|
| 942 |
|
|
|c BK
|